Countries by Opposites - Statistics

General Stats
  • This quiz has been taken 56 times
  • The average score is 9 of 12
Answer Stats
Hint Answer % Correct
South Korea North Korea
98%
South Sudan Sudan
87%
Ireland United Kingdom
87%
India Pakistan
79%
Israel Palestine
72%
Tibet China
70%
Northern Cyprus Cyprus
68%
Turkey Greece
64%
NATO Russia
64%
China United States
64%
Saudi Arabia Iran
51%
Russia Ukraine
51%
No matching quizzes found
Score Distribution
Percent of People with Each Score
Percentile by Number Answered
Your Score History
You have not taken this quiz